| 000 | 01406cam a22003974 4500 | ||
|---|---|---|---|
| 001 | 197857 | ||
| 003 | ES-MaACL | ||
| 005 | 20251122063147.0 | ||
| 008 | 251002s2009 sp | |||| 000 f spa | ||
| 017 |
_aB 33310-2009 _bOficina Depósito Legal Barcelona |
||
| 020 | _a9788498722680 | ||
| 040 |
_aES-MaACL _bspa _cES-MaACL _erdc |
||
| 080 | _a821.111(73)-31"19" | ||
| 100 |
_aMorgan, Marlo, _d1937- _eaut _9242318 |
||
| 240 | 1 | 0 |
_aMutant message down under. _lEspañol |
| 245 | 1 | 4 |
_aLas voces del desierto _cMarlo Morgan ; [traducción, Gemma Moral Bartolomé] |
| 250 |
_a1ª Edición: Mayo 2009 _b11ª Reimpresión : Agosto 2016 |
||
| 264 | 1 |
_aBarcelona _bEdiciones B, _c[2016] |
|
| 264 | 4 | _a©2009 | |
| 300 |
_a209 páginas ; _c20 cm |
||
| 336 |
_2rdacontent _atexto |
||
| 337 |
_2rdamedia _asin mediación |
||
| 338 |
_2rdacarrier _avolumen |
||
| 490 | 1 |
_aGrandes viajes. _pAustralia. Ficción |
|
| 594 | _aTraducción de: Mutant message down under | ||
| 655 | 0 |
_9234459 _aNovelas de acción y aventuras |
|
| 700 | 1 |
_9242436 _aMoral Bartolomé, Gemma _etrl |
|
| 852 |
_aES-MaACL _cDEPO1 _jA-15817 _xEncuadernación rústica _9206857 |
||
| 901 | _aMON0907 | ||
| 942 |
_cMONOGRAFIA _n0 |
||
| 956 | _a2 | ||
| 999 |
_c197857 _d197857 |
||